000 00610cab a2200229 4500
001 WB3107-51
008 090401t1995 xxu||||| |||| 00| 0 eng d
035 _a(Sirsi) u3519
041 _aeng
245 _aNational Forest Company board
260 _c1995
350 _a0
490 _aDoE News Release
_v(62) 13 February 1995 (2)
520 _aAppointments to the board of the National Forest Company are announced.
650 _aCHAIRMAN
650 _aDIRECTORS
650 _aNATIONAL FOREST COMPANY
650 _aNATIONAL FOREST
690 _aRURAL PRACTICE
942 _n0
948 _c04/03/1997
999 _c2166
_d2166